プロセカに楽曲を書き下ろしたクリエイター - Statistics

General Stats
  • This quiz has been taken 455 times
    95 since last reset
  • The average score is 54 of 126
Answer Stats
クリエイター 楽曲 % Correct
DECO*27 needLe、サラマンダー、Journeyなど
85%
ピノキオピー セカイはまだ始まってすらいない、コスモスパイス
76%
いよわ ももいろの鍵
71%
ぬゆり ロウワー、アイリッド
69%
かいりきベア バグ、ネクラチューンサーカス
67%
ナユタン星人 モア!ジャンプ!モア!、オペラ!スペースオペラ!
67%
sasakure.UK トンデモワンダーズ、ÅMARA(大未来電脳)など
67%
Giga Ready Steady、Beyond the wayなど
65%
Neru potatoになっていく
65%
じん ステラ、NEO、Worlders
64%
バルーン ノマド、ペンタトニック
64%
kemu (堀江晶太) セカイ、88☆彡、熱風
62%
cosMo@暴走P マシンガンポエムドール
60%
Eve 群青讃歌、Sympathy
60%
みきとP Peaky Peaky
60%
なきそ 化けの花
58%
れるりり Iなんです
58%
Kanaria アイデンティティ
58%
syudou ジャックポットサッドガール、ペンタトニック
58%
キタニタツヤ 月光
56%
すりぃ 限りなく灰色へ
56%
柊マグネタイト リアライズ
56%
まふまふ 悔やむと書いてミライ、携帯恋話
56%
164 「1」
56%
Ayase シネマ
56%
キノシタ Glory Steady Go!、BE the MUSIC!
55%
はるまきごはん 月光、エンパープル
55%
40mP Color of Drops、星を繋ぐ、はじまりの未来
55%
Orangestar 霽れを待つ
55%
ツミキ キティ
53%
てにをは ザムザ
53%
とあ アイディスマイル、トワイライトライト
53%
煮ル果実 トリコロージュ、ヘイヴン
53%
まらしぃ 88☆彡
53%
八王子P RAD DOGS、嬢王
53%
和田たけあき てらてら
51%
Azari D/N/A
51%
Chinozo Flyer!、アンチユー
51%
OSTER Project ニジイロストーリーズ、世界を照らすテトラッド
51%
稲葉曇 私は雨
49%
カンザキイオリ 25時の情熱
49%
koyori(電ポルP) 箱庭のコラル
49%
烏屋茶房 ショウタイム・ルーラー
47%
夏代孝明 フロムトーキョー、キラー
47%
ユリイ・カノン イフ
47%
ワンダフル☆オポチュニティ! にっこり^^調査隊のテーマ、成敗いたAAAAAす!
47%
鬱P フューエル
47%
TOKOTOKO(西沢さんP) ワールドワイドワンダー
47%
ナナホシ管弦楽団 パラソルサイダー
45%
HoneyWorks フレー、チームメイト
45%
john サヨナラ天国また来て地獄
45%
MIMI はぐ
45%
傘村トータ オーダーメイド
44%
吉田夜世 アクセラレイト
44%
aqu3ra アイスドロップ、透明なパレット
44%
*Luna 流星のパルス、インテグラル
44%
Mitchie M アイドル新鋭隊、ワーワーワールドなど
44%
香椎モイミ LEADER、オールセーブチャレンジ
42%
かめりあ 生命性シンドロウム
42%
ナノウ 演劇
42%
ピコン 再生
42%
ひとしずく×やま△ Mr. Showtime
42%
EasyPop DREAM PLACE
42%
niki 烈火
42%
マイキP サイバーパンクデッドボーイ
42%
r-906 JUMPIN' OVER!
42%
R Sound Design Forword、Blender
42%
YASUHIRO(康寛) ワンスアポンアドリーム
42%
すこっぷ すれすれ
40%
せきこみごはん 征け
40%
ぽりふぉ 星空のメロディー
40%
水野あつ 星空オーケストラ
40%
ゆうゆ レグルス
40%
DIVELA 天使のクローバー
40%
Guiano 私は、私達は、光線歌
40%
halyosy Flyway、アイムマイン
40%
jon-YAKITORY 街、ファイター
40%
Junky アイノマテリアル、MOTTO!!
40%
梅とら CR詠ZY
38%
ササノマリイ カナデトモスソラ
38%
遼遼 仮死化
38%
ポリスピカデリー Beat Eater、イレヴンス
38%
雄之助 Awake Now、Supernova
38%
くじら 青色絵具
36%
栗山夕璃 フィラメントフィーバー
36%
buzzG the WALL
36%
doriko purpose
36%
keeno 余花にみとれて
36%
Misumi 下剋上
36%
nyanyannya(大天才P) キラピピ★キラピカ
36%
¿?shimon 虚無さん
36%
獅子志司 虚ろを扇ぐ
35%
針原翼 STAGE OF SEKAI
35%
ユジー あなたの空が泣くのなら
35%
ゆよゆっぺ Voices
35%
石風呂 その音が鳴るなら
33%
薄塩指数 はしる! とおく! とどく!
33%
のぼる↑ ありのままのストーリーを
33%
羽生まゐご ぼくのかみさま
33%
有機酸 ミライ
33%
emon(Tes.) メタモリボン
33%
大漠波新 スター
31%
一二三 星を繋ぐ
31%
蝶々P その絵の名前は
31%
Peg ひつじがいっぴき
31%
大沼パセリ 飾って
29%
TeddyLoid ULTRA C
29%
古川本舗 君の夜をくれ
27%
やいり 相生
27%
葵木ゴウ それでも僕らは歌うことをやめない
25%
こめだわら Blender
25%
真島ゆろ 我らステインバスターズ!
25%
Heavenz フロート・プランナー
25%
Sakuzyo 怪獣になりたい
25%
瀬名航 ショウタイム×オーディエンス
24%
春野 Supernova
24%
mothy 去り人達のワルツ
24%
picco ときめきジェットコースター
20%
卯花ロク 幽光、1/fのゆらめき
18%
椎乃味醂 limbo
18%
袖野あらわ Unpoison
18%
ライブP ボトルケーキ
18%
Sohbana ARQETYPE
18%
伊東 健人 magic number
15%
無力P Un-Lock
15%
平田義久 夏夜ノ唄
11%
No matching quizzes found
Score Distribution
Percent of People with Each Score
Percentile by Number Answered
Your Score History
You have not taken this quiz since the last reset